Question bank in postharvest technology (Record no. 15552)
[ view plain ]
| 000 -LEADER | |
|---|---|
| fixed length control field | 00495nam a22001817a 4500 |
| 003 - CONTROL NUMBER IDENTIFIER | |
| control field | OSt |
| 008 - FIXED-LENGTH DATA ELEMENTS--GENERAL INFORMATION | |
| fixed length control field | 190515b ||||| |||| 00| 0 eng d |
| 020 ## - INTERNATIONAL STANDARD BOOK NUMBER | |
| ISBN | 9789380235042 |
| 082 ## - DEWEY DECIMAL CLASSIFICATION NUMBER | |
| Classification number | 631.56 |
| Item number | GUL/QU |
| 100 ## - MAIN ENTRY--AUTHOR NAME | |
| Personal name | Guleria, S.P.S |
| 245 ## - TITLE STATEMENT | |
| Title | Question bank in postharvest technology |
| 260 ## - PUBLICATION, DISTRIBUTION, ETC. (IMPRINT) | |
| Place of publication | New Delhi |
| Name of publisher | New India Publishing Agency |
| Year of publication | 2019 |
| 300 ## - PHYSICAL DESCRIPTION | |
| Number of Pages | 425 p. |
| 700 ## - ADDED ENTRY--PERSONAL NAME | |
| Personal name | Verma, Anil Kumar |
| 700 ## - ADDED ENTRY--PERSONAL NAME | |
| Personal name | Kumar, Dharminder |
| 700 ## - ADDED ENTRY--PERSONAL NAME | |
| Personal name | Gupta, Anil |
| 942 ## - ADDED ENTRY ELEMENTS (KOHA) | |
| Koha item type | Books |
| Withdrawn status | Lost status | Damaged status | Collection code | Home library | Current library | Shelving location | Date acquired | Cost, normal purchase price | Full call number | Accession Number | Koha item type |
|---|---|---|---|---|---|---|---|---|---|---|---|
| Non-fiction | KAUAET | KAUAET | General Stacks | 15/05/2019 | 395.00 | 631.56 GUL/QU | 25769 | Books |
